=LDR 00000nam 2200000 4500 =001 000796 =005 20250711112753 =035 ##$$a 0010-0725000666 =007 ta =008 250711################a##########0#ind## =020 ##$$a 978-623-307-592-3 =082 ##$$a 398.280 2 =084 ##$$a 398.280 2 KUM k =100 #$$a Kumart, Mala =245 1#$$a Kak Laya dan motor supernya /$c Mala Kumart =250 ##$$a Cetakan pertama =260 ##$$a Jakarta :$b Badan pengembangan dan pembinaan bahasa,$c 2022 =300 ##$$a 16 hlm. : $b Ilus. ; $c 21,5 cm =650 #4$$a Cerita anak-terjemahan =650 #4$$a Literasi-bahan bacaan